Normal view
MARC view
- Remote Sensing and GIS MS. Ph. D-Thesis.
Entry Topical Term
001 - CONTROL NUMBER
- control field: 29023
003 - CONTROL NUMBER IDENTIFIER
- control field: NUST
005 - DATE AND TIME OF LATEST TRANSACTION
- control field: 20200317103522.0
008 - FIXED-LENGTH DATA ELEMENTS
- fixed length control field: 200317|| aca||aabn | a|a d
040 ## - CATALOGING SOURCE
- Original cataloging agency: NUST
- Transcribing agency: NUST
150 ## - HEADING--TOPICAL TERM
- Topical term or geographic name entry element: Remote Sensing and GIS MS. Ph. D-Thesis.
670 ## - SOURCE DATA FOUND
- Source citation: Work cat.: (NUST): Tarar, Tayyeba Ferdous 29022, Modeling Urban Storm Water Runoff and Selection of Harvesting Sites /, 2013.
